Space songs /

An illustrated collection of poems about various aspects of outer space.

Bibliographic Details
Main Author: Livingston, Myra Cohn
Other Authors: Fisher, Leonard Everett
Format: Book
Language:English
Published: New York : Holiday House, [1988]
Subjects:

MARC

Tag First Indicator Second Indicator Subfields
LEADER 00000cam a22000008a 4500
001 in00000034226
005 20151007055239.0
008 870624s1988 nyua j 00010 eng
010 |a  87019628  
020 |a 082340675X 
035 |a (OCoLC)16226621 
035 |9 AAB7686AM 
040 |a DLC  |c DLC  |d TXA  |d UtOrBLW 
049 |a [Curr Col] TXAM  |c [A10909774] 
050 0 0 |a PS3562.I945  |b S64 1988 
082 0 |a 811/.54  |2 19 
100 1 |a Livingston, Myra Cohn. 
245 1 0 |a Space songs /  |c Myra Cohn Livingston, poet ; Leonard Everett Fisher, painter. 
263 |a 8803 
264 1 |a New York :  |b Holiday House,  |c [1988] 
264 4 |c [©1988] 
300 |a 31 pages :  |b color illustrations 
336 |a text  |b txt  |2 rdacontent 
337 |a unmediated  |b n  |2 rdamedia 
338 |a volume  |b nc  |2 rdacarrier 
520 |a An illustrated collection of poems about various aspects of outer space. 
651 0 |a Outer space  |x Juvenile poetry. 
650 0 |a Children's poetry, American. 
700 1 |a Fisher, Leonard Everett. 
999 |a MARS 
999 f f |s 9439ac6e-aac9-393b-8d8e-3de3d67f74f7  |i d65d139b-338b-3260-9a15-d08f0cd6189a  |t 0 
952 f f |p normal  |a Texas A&M University  |b College Station  |c Sterling C. Evans Library  |d Evans: Curriculum Collection (4th floor)  |t 0  |e PS3562.I945 S64 1988  |h Library of Congress classification  |i unmediated -- volume  |m A14810909774 
998 f f |a PS3562.I945 S64 1988  |t 0  |l Evans: Curriculum Collection (4th floor)